Problém mzdovej parity medzi poľnohospodárstvom a ostatnými výrobnými odvetviami národného hospodárstva.
Diferenciácia v priemerných mesačných zárobkoch v poľnohospodárskych družstvách. Vývoj priemerných hrubých mesačných zárobkov v poľnohospodárstve a vybraných odvetviach národného hospodárstva. Pokles priemerných mesačných zárobkov v poľnohospodárskych družstvách. Porušovanie zárobkovej parity.
Enregistré dans:
| Auteur principal: | |
|---|---|
| Format: | Chapitre de livre |
| Langue: | slovaque |
| Sujets: | |
| Tags: |
Pas de tags, Soyez le premier à ajouter un tag!
|
MARC
| LEADER | 00000naa a2200000 4500 | ||
|---|---|---|---|
| 001 | r010252 | ||
| 005 | 20230113115924.1 | ||
| 041 | 0 | |a slo | |
| 044 | |a [CS] | ||
| 245 | 1 | 0 | |a Problém mzdovej parity medzi poľnohospodárstvom a ostatnými výrobnými odvetviami národného hospodárstva. |c Jaroslav Barto |
| 520 | |a Diferenciácia v priemerných mesačných zárobkoch v poľnohospodárskych družstvách. Vývoj priemerných hrubých mesačných zárobkov v poľnohospodárstve a vybraných odvetviach národného hospodárstva. Pokles priemerných mesačných zárobkov v poľnohospodárskych družstvách. Porušovanie zárobkovej parity. | ||
| 610 | 2 | 0 | |a zárobky priemerné |
| 610 | 2 | 0 | |a mzdy |
| 610 | 2 | 0 | |a poľnohospodárstvo |
| 610 | 2 | 0 | |a odvetvia činnosti ekonomickej |
| 610 | 2 | 0 | |a družstvá |
| 610 | 2 | 0 | |a JRD |
| 100 | 1 | |a Barto, Jaroslav | |